Miguel Hernández, cincuenta años después : (Record no. 10125)

MARC details
000 -LEADER
campo de control de longitud fija 00927nam a2200229 i 4500
001 - NÚMERO DE CONTROL
campo de control 10125
003 - IDENTIFICADOR DE NÚMERO DE CONTROL
campo de control ES-MaACL
005 - FECHA Y HORA DE LA ÚLTIMA TRANSACCIÓN
campo de control 20240605120248.0
008 - DATOS DE LONGITUD FIJA--INFORMACIÓN GENERAL
campo de control de longitud fija 950214s1993 sp ||||1| spa d
020 ## - NÚMERO INTERNACIONAL ESTÁNDAR DEL LIBRO
Número Internacional Estándar del Libro 84-604-6421-0
080 ## - NÚMERO DE LA CLASIFICACIÓN DECIMAL UNIVERSAL
Número de la Clasificación Decimal Universal 860 Hernández, Miguel (1910-1942) 1.06(063)
111 2# - ENTRADA PRINCIPAL--NOMBRE DE CONGRESO/REUNIÓN
Nombre de congreso/reunión o jurisdicción como elemento de entrada Congreso Internacional Miguel Hernández (
Número del congreso/reunión o número de parte o sección 1º.
Fecha del congreso o de la firma del tratado 1992.
Sede del congreso/Lugar de la reunión Alicante)
9 (RLIN) 475
245 10 - MENCIÓN DEL TÍTULO
Título Miguel Hernández, cincuenta años después :
Resto del título actas del I Congreso Internacional /
Mención de responsabilidad, etc. coordinación, José Carlos Rovira.
260 ## - PUBLICACIÓN, DISTRIBUCIÓN, ETC.
Lugar de publicación, distribución, etc. Alicante :
Nombre del editor, distribuidor, etc. Comisión del Homenaje a Miguel Hernández,
Fecha de publicación, distribución, etc. [1993]
300 ## - DESCRIPCIÓN FÍSICA
Extensión 2 v. (529 p.) ;
Dimensiones 24 cm.
504 ## - NOTA DE BIBLIOGRAFÍA, ETC.
Nota de bibliografía, etc. Bibliografía.
600 14 - PUNTO DE ACCESO ADICIONAL DE MATERIA--NOMBRE DE PERSONA
Nombre de persona Hernández, Miguel,
Fechas asociadas al nombre 1910-1942-
Subdivisión de forma Congresos y asambleas
9 (RLIN) 172367
700 0# - ENTRADA AGREGADA--NOMBRE PERSONAL
Nombre de persona Rovira, José Carlos,
Fechas asociadas al nombre 1949-
9 (RLIN) 100129
710 2# - ENTRADA AGREGADA--NOMBRE DE ENTIDAD CORPORATIVA
Nombre de entidad corporativa o nombre de jurisdicción como elemento de entrada Comisión del Homenaje a Miguel Hernández.
9 (RLIN) 3029
852 ## - LOCALIZACIÓN
Ubicación ES-MaACL
Número de control de estantería L-15160-61
Holdings
Estatus retirado Estado de pérdida Estado de daño No para préstamo Biblioteca de origen Biblioteca actual Ubicación en estantería Fecha de adquisición Fuente de adquisición Total de préstamos Signatura topográfica completa Código de barras Visto por última vez Precio de reemplazo Tipo de ítem Koha
        Biblioteca del Ateneo de Madrid Biblioteca del Ateneo de Madrid Depósito 2 17/01/2008     L-15160-61 1010334 23/02/2023 23/02/2023 Libro impreso